|
|
|
|
| LEADER |
00000naa a22000002c 4500 |
| 001 |
1850794170 |
| 003 |
DE-627 |
| 005 |
20230622095929.0 |
| 007 |
cr uuu---uuuuu |
| 008 |
230622s2014 xx |||||o 00| ||ita c |
| 035 |
|
|
|a (DE-627)1850794170
|
| 035 |
|
|
|a (DE-599)KXP1850794170
|
| 040 |
|
|
|a DE-627
|b ger
|c DE-627
|e rda
|
| 041 |
|
|
|a ita
|
| 084 |
|
|
|a 0
|2 ssgn
|
| 100 |
1 |
|
|e VerfasserIn
|0 (DE-588)1068789476
|0 (DE-627)820656941
|0 (DE-576)174088655
|4 aut
|a Capdeville, Gérard
|d 1944-
|
| 109 |
|
|
|a Capdeville, Gérard 1944-
|
| 245 |
1 |
3 |
|a Il paesaggio religioso in Virgilio
|
| 246 |
1 |
|
|i Übersetzung des Haupttitels
|a The religious landscape in Virgilio.
|
| 264 |
|
1 |
|c 2014
|
| 336 |
|
|
|a Text
|b txt
|2 rdacontent
|
| 337 |
|
|
|a Computermedien
|b c
|2 rdamedia
|
| 338 |
|
|
|a Online-Ressource
|b cr
|2 rdacarrier
|
| 773 |
0 |
8 |
|i Enthalten in
|t Studi e materiali di storia delle religioni
|d Brescia : Morcelliana, 2009
|g 80(2014), 2, Seite 801-820
|h Online-Ressource
|w (DE-627)1681637510
|w (DE-600)2999637-5
|x 2611-8742
|7 nnas
|
| 773 |
1 |
8 |
|g volume:80
|g year:2014
|g number:2
|g pages:801-820
|
| 776 |
|
|
|i Erscheint auch als
|n Druckausgabe
|w (DE-627)1642892661
|k Non-Electronic
|
| 856 |
|
|
|3 Volltext
|u http://www.redi-bw.de/db/ebsco.php/search.ebscohost.com/login.aspx%3fdirect%3dtrue%26db%3d30h%26AN%3d109578599%26site%3dehost-live
|x Verlag
|z Lizenzpflichtig
|
| 951 |
|
|
|a AR
|
| ELC |
|
|
|a 1
|
| LOK |
|
|
|0 000 xxxxxcx a22 zn 4500
|
| LOK |
|
|
|0 001 4341908901
|
| LOK |
|
|
|0 003 DE-627
|
| LOK |
|
|
|0 004 1850794170
|
| LOK |
|
|
|0 005 20230622095503
|
| LOK |
|
|
|0 008 230622||||||||||||||||ger|||||||
|
| LOK |
|
|
|0 040
|a DE-Tue135
|c DE-627
|d DE-Tue135
|
| LOK |
|
|
|0 092
|o n
|
| LOK |
|
|
|0 852
|a DE-Tue135
|
| LOK |
|
|
|0 852 1
|9 00
|
| LOK |
|
|
|0 85640
|u http://www.redi-bw.de/db/ebsco.php/search.ebscohost.com/login.aspx%3fdirect%3dtrue%26db%3d30h%26AN%3d109578599%26site%3dehost-live
|x Verlag
|z Lizenzpflichtig
|3 Volltext
|
| LOK |
|
|
|0 935
|a ixzs
|a ixzo
|a rwrk
|
| LOK |
|
|
|0 939
|a 22-06-23
|b l01
|
| ORI |
|
|
|a SA-MARC-ixtheoa001.raw
|
| REL |
|
|
|a 1
|
| SUB |
|
|
|a REL
|